Statistics for Guns N' Roses Discography

Click here to take the quiz!

General Stats

  • This quiz has been taken 37 times
  • The average score is 11 of 19

Answer Stats

TypeYearName% Correct
Compilation1998Use Your Illusion
97%
Album2008Chinese Democracy
93%
EP1988G N' R Lies
90%
Album1991Use Your Illusion II
90%
Album1987Appetite for Destruction
90%
Album1993"The Spaghetti Incident?"
90%
Album1991Use Your Illusion I
83%
Video Album1992Use Your Illusion I
83%
EP1986Live ?!*@ Like a Suicide
67%
Live Compilation1999Live Era '87-'93
60%
Compilation2004Greatest Hits
50%
Video Album1993November Rain - Makin' F@*!ing Videos Part II
37%
Video Album1992Use Your Illusion II
33%
Video Album1993Don't Cry - Makin' F@*!ing Videos Part I
30%
Video Album2014Appetite for Democracy 3D
30%
Video Album1998Welcome to the Videos
27%
EP1993The "Civil War" EP
20%
EP1988Guns N' Roses (Live from the Jungle)
17%
Video Album1994The Making of Estranged - Part IV of the Trilogy!!!
10%

Score Distribution

Percentile by Number Answered

Percent of People with Each Score

Your Score History

You have not taken this quiz